| 000 | 00726nam a2200205 a 4500 | ||
|---|---|---|---|
| 005 | 20240622063738.0 | ||
| 008 | 991125s1988 mx 000 0 spa u | ||
| 035 | _aUPN01000053801 | ||
| 049 | _aCG | ||
| 050 | 4 |
_aTH1095 _bM4.8 1988 |
|
| 110 | 1 |
_aMéxico. _bDepartamento del Distrito Federal _928108 |
|
| 245 | 1 | 0 |
_aSismos de 1985 : _bcontrol de edificaciones : México, D. F, 1985-1988 / _cDepartamento del Distrito Federal. |
| 260 |
_aMéxico : _bD.D.F., _c1988. |
||
| 300 |
_a176 p. : _bil. col. |
||
| 500 | _aTítulo tomado de la cubierta. | ||
| 610 | 2 | 4 |
_aMéxico (D.F.). _bDepartamento del Distrito Federal _924607 |
| 650 | 4 | _aMOVIMIENTOS TECTONICOS Y CONSTRUCCION | |
| 650 | 4 |
_aSISMOS - _zMEXICO _926662 |
|
| 905 | _aLibro | ||
| 999 |
_c53801 _d53801 |
||